书目信息 |
| 题名: |
丁村
|
|
| 作者: | 李秋香 著 | |
| 分册: | ||
| 出版信息: | 北京 清华大学出版社 2007.05 |
|
| 页数: | 136页 | |
| 开本: | 29cm | |
| 丛书名: | 中华遗产·乡土建筑 | |
| 单 册: | ||
| 中图分类: | TU-881.2 | |
| 科图分类: | ||
| 主题词: | 乡村--xiang cun--建筑艺术--襄汾县 | |
| 电子资源: | ||
| ISBN: | 978-7-302-15022-0 | |
| 000 | 00978nam 2200265 450 | |
| 001 | 012008157193 | |
| 005 | 20091118150206.20 | |
| 010 | @a978-7-302-15022-0@dCNY72.00 | |
| 100 | @a20080419d2007 em y0chiy0120 ea | |
| 101 | 0 | @achi |
| 102 | @aCN@b110000 | |
| 105 | @aack z 000yy | |
| 106 | @ar | |
| 200 | 1 | @a丁村@Ading cun@f李秋香著@Fli qiu xiang zhu |
| 210 | @a北京@c清华大学出版社@d2007.05 | |
| 215 | @a136页@c图, 肖像@d29cm | |
| 225 | 2 | @a中华遗产·乡土建筑@Azhong hua yi chan·xiang tu jian zhu |
| 300 | @a汉声文教基金会、国家“985工程”二期清华大学本科人才培养建设项目资助 | |
| 330 | @a本书第一篇探讨丁村的人文历史;第二篇剖析丁村的村落建筑;第三篇图版以平面图、立面图、剖面图呈现宅院格局,另从木雕、石雕大样及拓片等,可见建筑装饰之 | |
| 410 | 0 | @12001 @a中华遗产·乡土建筑 |
| 606 | 0 | @a乡村@Axiang cun@x建筑艺术@y襄汾县 |
| 690 | @aTU-881.2@v4 | |
| 701 | 0 | @a李秋香@Ali qiu xiang@4著 |
| 801 | 0 | @aCN@bQSSK@c20091118 |
| 905 | @b295231-32@dTU-881.2@eL2301@f2 | |
| 丁村/李秋香著.-北京:清华大学出版社,2007.05 |
| 136页:图, 肖像;29cm.-(中华遗产·乡土建筑) |
| 汉声文教基金会、国家“985工程”二期清华大学本科人才培养建设项目资助 |
| ISBN 978-7-302-15022-0:CNY72.00 |
| 本书第一篇探讨丁村的人文历史;第二篇剖析丁村的村落建筑;第三篇图版以平面图、立面图、剖面图呈现宅院格局,另从木雕、石雕大样及拓片等,可见建筑装饰之 |
| ● |
| 相关链接 |
|
|
|
正题名:丁村
索取号:TU-881.2/L2301
 
预约/预借
| 序号 | 登录号 | 条形码 | 馆藏地/架位号 | 状态 | 备注 |
| 1 | 295231 | 202952313 | 建筑库101/101建筑库 22排4列3层/ [索取号:TU-881.2/L2301] | 在馆 | |
| 2 | 295232 | 202952322 | 建筑库101/101建筑库 22排4列3层/ [索取号:TU-881.2/L2301] | 在馆 |